Giáo trình sử dụng các dịch vụ trên Internet

שמור ב:
מידע ביבליוגרפי
מחבר ראשי: Nguyễn, Hoàng Dũng
מחברים אחרים: Nguyễn, Trọng tài
פורמט: ספר
יצא לאור: Tp. Hồ Chí Minh [Trung tâm tin học Đại học Khoa học tự nhiên Tp.Hồ Chí Minh] 2001
נושאים:
תגים: הוספת תג
אין תגיות, היה/י הראשונ/ה לתייג את הרשומה!
Thư viện lưu trữ: Trung tâm Học liệu Lê Vũ Hùng, Trường Đại học Đồng Tháp
LEADER 00920pam a22002538a 4500
001 00030510
005 20171026081023.0
008 130410s2001 ||||||Viesd
041 0 # |a Vie 
082 1 4 |a 004.67  |b GI108TR 
100 1 # |a Nguyễn, Hoàng Dũng 
245 0 0 |a Giáo trình sử dụng các dịch vụ trên Internet  |c Nguyễn Hoàng Dũng, Nguyễn Trọng Tài 
260 # # |a Tp. Hồ Chí Minh  |b [Trung tâm tin học Đại học Khoa học tự nhiên Tp.Hồ Chí Minh]  |c 2001 
300 # # |a 138 tr.  |c 19cm. 
500 # # |a Lưu hành nội bộ 
653 # # |a Dịch vụ 
653 # # |a Tin học căn bản  |a Sử dụng  |a Internet 
700 1 # |a Nguyễn, Trọng tài 
852 # # |b Kho đọc  |j KD.0014536 
852 # # |j KD.0014536 
910 0 # |d 10/04/2013 
980 # # |a Trung tâm Học liệu Lê Vũ Hùng, Trường Đại học Đồng Tháp